[Event "FRA-chT2 Nord 0708"]
[Site "France"]
[Date "2008.01.20"]
[Round "6.7"]
[White "Dehesdin, Wilfried"]
[Black "Cabel Simon, Remi"]
[Result "1-0"]
[WhiteElo "2095"]
[BlackElo "1857"]
[PlyCount "67"]
[EventDate "2007.10.21"]
[EventType "team"]
[EventRounds "11"]
[EventCountry "FRA"]
[SourceTitle "EXT 2009"]
[Source "ChessBase"]
[SourceDate "2008.11.26"]
[SourceVersion "1"]
[SourceVersionDate "2008.11.26"]
[SourceQuality "1"]
[WhiteTeam "Le Touquet"]
[BlackTeam "Arcueil"]
[WhiteTeamCountry "FRA"]
[BlackTeamCountry "FRA"]

1. d4 g6 2. c4 Bg7 3. Nc3 d6 4. e4 Nc6 5. Be3 e5 6. d5 Nce7 7. g4 Nf6 8. Be2 h5 9. g5 Nd7 10. b4 b6 11. Nf3 0-0 12. 0-0 a5 13. a3 f5 14. gxf6 Nxf6 15. Ng5 Ng4 16. Bxg4 Bxg4 17. f3 Bd7 18. h4 Rf6 19. c5 Bh6 20. Kh2 Qf8 21. Ra2 axb4 22. axb4 Rxa2+ 23. Nxa2 Nc8 24. c6 Be8 25. Nc3 Ne7 26. Kg2 Rf4 27. Ne6 Qf6 28. Bxf4 exf4 29. Qe1 Bxc6 30. dxc6 Qxe6 31. Nd5 Nxc6 32. Qc3 Ne5 33. Qxc7 Nd7 34. Qxd7 1-0

[Event "FRA-chT2 Nord 0708"]
[Site "France"]
[Date "2008.01.19"]
[Round "5.7"]
[White "Cabel Simon, Remi"]
[Black "Manet, Eric"]
[Result "0-1"]
[WhiteElo "1857"]
[BlackElo "2023"]
[PlyCount "102"]
[EventDate "2007.10.21"]
[EventType "team"]
[EventRounds "11"]
[EventCountry "FRA"]
[SourceTitle "EXT 2009"]
[Source "ChessBase"]
[SourceDate "2008.11.26"]
[SourceVersion "1"]
[SourceVersionDate "2008.11.26"]
[SourceQuality "1"]
[WhiteTeam "Arcueil"]
[BlackTeam "Arras"]
[WhiteTeamCountry "FRA"]
[BlackTeamCountry "FRA"]

1. g3 d5 2. Bg2 Nf6 3. d3 Bf5 4. Nf3 h6 5. c4 c6 6. Qa4 e6 7. 0-0 Bd6 8. cxd5 exd5 9. Nc3 0-0 10. e4 dxe4 11. dxe4 Bg4 12. Rd1 Qc7 13. Rxd6 Qxd6 14. e5 Qe6 15. exf6 Bxf3 16. Bxf3 Qxf6 17. Kg2 Nd7 18. Qf4 Qd8 19. Be3 Nf6 20. Rd1 Qa5 21. Rd6 Nh7 22. Ne4 Qxa2 23. Qg4 f5 24. Qg6 fxe4 25. Bxe4 Nf6 26. Bxh6 Qf7 27. Be3 Nxe4 28. Qxe4 Rae8 29. Qd4 Qf3+ 30. Kg1 b6 31. Qc3 c5 32. Qc4+ Qf7 33. Qc3 Rd8 34. Qd3 Rxd6 35. Qxd6 Qf6 36. Qd5+ Rf7 37. b3 Qf5 38. Qd8+ Rf8 39. Qd1 Rf7 40. Qd8+ Kh7 41. Qh4+ Kg8 42. Qd8+ Rf8 43. Qd1 Re8 44. Qf1 Rd8 45. Qc4+ Qd5 46. Qa4 Rd7 47. Qa6 Kh7 48. Qc8 Qf5 49. Qc6 Rd1+ 50. Kg2 Qd5+ 51. Qxd5 Rxd5 0-1

[Event "FRA-ch U20"]
[Site "Le Grand Bornand"]
[Date "2007.04.14"]
[Round "8"]
[White "Rives, Sylvain"]
[Black "Cabel Simon, Remi"]
[Result "0-1"]
[WhiteElo "1600"]
[BlackElo "1853"]
[PlyCount "124"]
[EventDate "2007.04.07"]
[EventType "swiss"]
[EventRounds "9"]
[EventCountry "FRA"]
[SourceTitle "CBM 118 Extra"]
[Source "ChessBase"]
[SourceDate "2007.07.04"]
[SourceVersion "1"]
[SourceVersionDate "2007.07.04"]
[SourceQuality "1"]

1. Nf3 g6 2. g3 Bg7 3. Bg2 d6 4. d3 Nf6 5. c4 0-0 6. 0-0 e5 7. Nc3 Nbd7 8. Rb1 a5 9. a3 c6 10. b4 Re8 11. Bd2 e4 12. Ne1 d5 13. Qc1 exd3 14. exd3 dxc4 15. dxc4 Nb6 16. c5 Nc4 17. Bf4 Bf5 18. Nc2 Bxc2 19. Qxc2 Nxa3 20. Qb2 Nxb1 21. Qxb1 Qd4 22. Na2 Re2 23. bxa5 Qb2 24. a6 Rxa6 25. Nb4 Ra3 26. Qxb2 Rxb2 27. Bc1 Rab3 28. Bxb2 Rxb2 29. Nd3 Rd2 30. Nb4 Bf8 31. Rc1 Nd7 32. Nc2 Nxc5 33. Ne3 Nd3 34. Rb1 Nxf2 35. Rxb7 Bc5 36. Nf1 Rd6 37. Rc7 Ne4+ 38. Kh1 f5 39. h3 Bf2 40. g4 c5 41. Bf3 Rd3 42. Kg2 Bd4 43. Re7 Nf6 44. Be2 Rc3 45. Re6 Nd5 46. Kh2 Rxh3+ 47. Kxh3 Nf4+ 48. Kg3 Nxe6 49. Bc4 Kf7 50. gxf5 gxf5 51. Nd2 Kf6 52. Nb3 Ke5 53. Kf3 Ng5+ 54. Ke2 Ne4 55. Kf3 Ng5+ 56. Ke2 h5 57. Nd2 h4 58. Ba6 h3 59. Bb7 h2 60. Nf1 Bg1 61. Kd3 Ne4 62. Bxe4 fxe4+ 0-1

[Event "Hennebont Grand Prix"]
[Site "Hennebont"]
[Date "2006.08.06"]
[Round "4"]
[White "Hinault, Jean Luc"]
[Black "Cabel Simon, Remi"]
[Result "0-1"]
[WhiteElo "1480"]
[BlackElo "1833"]
[PlyCount "78"]
[EventDate "2006.08.05"]
[EventType "swiss"]
[EventRounds "7"]
[EventCountry "FRA"]
[SourceTitle "EXT 2007"]
[Source "ChessBase"]
[SourceDate "2006.11.23"]
[SourceVersion "1"]
[SourceVersionDate "2006.11.23"]
[SourceQuality "1"]

1. g3 g6 2. Bg2 Bg7 3. e3 d6 4. Ne2 Nc6 5. 0-0 e5 6. d3 f5 7. Nbc3 Nf6 8. f4 0-0 9. a3 Rb8 10. Rb1 Ne7 11. e4 c6 12. b4 Qb6+ 13. Kh1 Ng4 14. Qe1 Be6 15. h3 Nf6 16. Qf2 Qxf2 17. Rxf2 Nh5 18. Kh2 exf4 19. Bxf4 Nxf4 20. Rxf4 Be5 21. Rf3 d5 22. d4 dxe4 23. dxe5 exf3 24. Bxf3 Nd5 25. Nxd5 Bxd5 26. Kg2 Rfe8 27. Nf4 Bxf3+ 28. Kxf3 Rxe5 29. Rd1 Rbe8 30. Rd3 Kf7 31. h4 h6 32. Rd7+ R8e7 33. Rd3 g5 34. hxg5 hxg5 35. Nh5 Kg6 36. Rd6+ R5e6 37. Rxe6+ Rxe6 38. g4 fxg4+ 39. Kxg4 Re4+ 0-1

[Event "Hennebont Grand Prix"]
[Site "Hennebont"]
[Date "2006.08.05"]
[Round "1"]
[White "Cabel Simon, Remi"]
[Black "Ababou, Nessim"]
[Result "1/2-1/2"]
[WhiteElo "1833"]
[BlackElo "2023"]
[PlyCount "65"]
[EventDate "2006.08.05"]
[EventType "swiss"]
[EventRounds "7"]
[EventCountry "FRA"]
[SourceTitle "EXT 2007"]
[Source "ChessBase"]
[SourceDate "2006.11.23"]
[SourceVersion "1"]
[SourceVersionDate "2006.11.23"]
[SourceQuality "1"]

1. g3 e5 2. Bg2 Nc6 3. d3 g6 4. Nc3 Bg7 5. e4 d6 6. f4 exf4 7. Bxf4 Nge7 8. Nge2 Bg4 9. 0-0 Qd7 10. Qd2 0-0-0 11. d4 f6 12. d5 Ne5 13. Qd4 b6 14. a4 f5 15. Qb4 a5 16. Qb5 Qxb5 17. axb5 Bxe2 18. Nxe2 Nc4 19. Bg5 Rd7 20. b3 Bxa1 21. Rxa1 Ne5 22. Nd4 h6 23. Bf6 Rf8 24. Bg7 Rf7 25. Bxh6 Kb7 26. Bf4 fxe4 27. Bxe4 Ng4 28. c4 Rd8 29. Bg5 Ne5 30. Bxe7 Rxe7 31. Nc6 Nxc6 32. bxc6+ Kb8 33. Bxg6 1/2-1/2

[Event "FRA-ch op-C"]
[Site "Val d'Isere"]
[Date "2002.08.29"]
[Round "8.1"]
[White "Burghouwt, Petrus"]
[Black "Cabel Simon, Remi"]
[Result "0-1"]
[WhiteElo "1700"]
[BlackElo "1490"]
[PlyCount "59"]
[EventDate "2002.08.20"]
[EventType "swiss"]
[EventRounds "11"]
[EventCountry "FRA"]
[SourceTitle "EXT 2003"]
[Source "ChessBase"]
[SourceDate "2002.11.25"]
[SourceVersion "1"]
[SourceVersionDate "2002.11.25"]
[SourceQuality "1"]

1. Nc3 d6 2. d3 Nf6 3. g3 g6 4. Bg2 Bg7 5. Bg5 Nc6 6. Qd2 e5 7. Nd5 0-0 8. Bh6 Be6 9. Bxg7 Kxg7 10. c4 Rb8 11. h4 Nd4 12. e3 Nf5 13. Ne2 c6 14. Nxf6 Qxf6 15. e4 Ne7 16. f4 exf4 17. Rf1 Kg8 18. d4 Bxc4 19. Rxf4 Qg7 20. Nc3 Rfe8 21. 0-0-0 b5 22. b3 Be6 23. Qf2 a5 24. Rd3 Rbc8 25. Rf6 Rf8 26. Rdf3 d5 27. R3f4 c5 28. e5 b4 29. Nb5 cxd4+ 30. Kd2 0-1

[Event "FRA-ch op-C"]
[Site "Val d'Isere"]
[Date "2002.08.??"]
[Round "9.1"]
[White "Cabel Simon, Remi"]
[Black "Le Coz, Yannick"]
[Result "1-0"]
[WhiteElo "1490"]
[BlackElo "1570"]
[PlyCount "85"]
[EventDate "2002.08.20"]
[EventType "swiss"]
[EventRounds "11"]
[EventCountry "FRA"]
[SourceTitle "EXT 2003"]
[Source "ChessBase"]
[SourceDate "2002.11.25"]
[SourceVersion "1"]
[SourceVersionDate "2002.11.25"]
[SourceQuality "1"]

1. e4 e5 2. Nf3 Nc6 3. Nc3 Bb4 4. a3 Ba5 5. b4 Bb6 6. Bb2 d6 7. h3 Nf6 8. Bc4 h6 9. d3 0-0 10. Na4 Be6 11. Nxb6 axb6 12. Bb5 Na7 13. Ba4 b5 14. Bb3 Bxb3 15. cxb3 Nc6 16. 0-0 Nd7 17. d4 Qf6 18. dxe5 Qe7 19. exd6 cxd6 20. Qd5 Rad8 21. Qxb5 Nde5 22. Nxe5 dxe5 23. Qc5 Qe6 24. Qc4 Qg6 25. Rad1 Rc8 26. Qe2 Rfe8 27. Rd7 Nd8 28. Rfd1 Qb6 29. R1d6 Qa7 30. a4 Ne6 31. Qh5 Nd8 32. Bxe5 Rc1+ 33. Rd1 Rxd1+ 34. Rxd1 b6 35. Qg4 Rxe5 36. Rxd8+ Kh7 37. Rd7 Qa8 38. Rxf7 Rg5 39. Qf3 Qc8 40. h4 Re5 41. Qg3 Qg8 42. Qxe5 Qxf7 43. Qf5+ 1-0